[Event "Redbull chessmasters 2019"]
[Site "Istambul"]
[Date "2019.11.24"]
[Round "4.7"]
[White "Gunduz, Umut Erdem"]
[Black "Ozsakallioglu, Okan"]
[Result "0-1"]
[WhiteElo "2172"]
[BlackElo "2072"]
[Annotator "NA"]
[PlyCount "60"]
[EventDate "2019.11.23"]
[EventType "k.o."]
[EventCountry "TUR"]
[SourceTitle "playchess.com"]
[Source "ChessBase"]
[SourceQuality "1"]
[TimeControl "600+5"]

1. e4 {[%emt 0:00:00]} c5 {[%emt 0:00:00]} 2. Nf3 {[%emt 0:00:05]} e6 {[%emt 0:00:00]} 3. d4 {[%emt 0:00:00]} cxd4 {[%emt 0:00:02]} 4. Nxd4 {[%emt 0:00:00]} Nf6 {[%emt 0:00:05]} 5. Nc3 {[%emt 0:00:04]} Nc6 {[%emt 0:00:05]} 6. Ndb5 {[%emt 0:00:00]} Bb4 {[%emt 0:00:44]} 7. a3 {[%emt 0:00:00]} Bxc3+ {[%emt 0:00:05]} 8. Nxc3 {[%emt 0:00:00]} d5 {[%emt 0:00:05]} 9. exd5 {[%emt 0:00:01]} exd5 {[%emt 0:00:05]} 10. Bd3 {[%emt 0:00:05]} O-O {[%emt 0:00:05]} 11. O-O {[%emt 0:00:05]} d4 {[%emt 0:00:05]} 12. Ne2 {[%emt 0:00:05]} Bg4 {[%emt 0:00:05]} 13. f3 {[%emt 0:00:05]} Bh5 {[%emt 0:00:05]} 14. Nf4 {[%emt 0:00:05]} Bg6 {[%emt 0:00:05]} 15. Nxg6 {[%emt 0:00:05]} hxg6 {[%emt 0:00:05]} 16. f4 {[%emt 0:00:05]} Re8 {[%emt 0:00:05]} 17. Qf3 {[%emt 0:00:05]} Nd7 {[%emt 0:01:00]} 18. b4 {[%emt 0:00:00]} Qb6 {[%emt 0:00:44]} 19. Bd2 {[%emt 0:00:19]} a5 {[%emt 0:00:15]} 20. Qh3 {[%emt 0:00:00]} Nf6 {[%emt 0:00:40]} 21. Rae1 {[%emt 0:02:26]} axb4 {[%emt 0:00:17]} 22. axb4 {[%emt 0:00:01]} Rxe1 {[%emt 0:01:05]} 23. Rxe1 {[%emt 0:00:04]} Nxb4 {[%emt 0:00:16]} 24. Rb1 {[%emt 0:00:32]} Nxd3 {[%emt 0:00:01]} 25. Rf1 {[%emt 0:02:01]} Nc5 {[%emt 0:00:08]} 26. f5 {[%emt 0:00:05]} gxf5 {[%emt 0:00:19]} 27. Qxf5 {[%emt 0:00:04]} Nce4 {[%emt 0:00:03]} 28. Bc1 {[%emt 0:02:05]} d3+ {[%emt 0:00:07]} 29. Kh1 {[%emt 0:00:05]} d2 {[%emt 0:00:05]} 30. Ba3 {[%emt 0:00:00]} Qe6 {[%emt 0:00:03]} 0-1

[Event "Redbull chessmasters 2019"]
[Site "Istambul"]
[Date "2019.11.24"]
[Round "4.8"]
[White "Duru, Ipek"]
[Black "Kalayci, Nino"]
[Result "1/2-1/2"]
[WhiteElo "1566"]
[BlackElo "1852"]
[Annotator "NA"]
[PlyCount "61"]
[EventDate "2019.11.23"]
[EventType "k.o."]
[EventCountry "TUR"]
[SourceTitle "playchess.com"]
[Source "ChessBase"]
[SourceQuality "1"]
[TimeControl "600+5"]

1. e4 {[%emt 0:00:00]} e6 {[%emt 0:00:00]} 2. d4 {[%emt 0:00:04]} d5 {[%emt 0:00:05]} 3. exd5 {[%emt 0:00:05]} exd5 {[%emt 0:00:05]} 4. Nf3 {[%emt 0:00:05]} Nf6 {[%emt 0:00:05]} 5. Bd3 {[%emt 0:00:05]} Bd6 {[%emt 0:00:05]} 6. Nc3 {[%emt 0:00:00]} O-O {[%emt 0:00:00]} 7. O-O {[%emt 0:00:00]} c6 {[%emt 0:00:00]} 8. Bg5 {[%emt 0:00:00]} Bg4 {[%emt 0:00:09]} 9. h3 {[%emt 0:00:00]} Bh5 {[%emt 0:00:12]} 10. Re1 {[%emt 0:00:00]} Nbd7 {[%emt 0:00:04]} 11. g4 {[%emt 0:00:05]} Bg6 {[%emt 0:00:05]} 12. Ne5 {[%emt 0:00:00]} Qb6 {[%emt 0:02:11]} 13. Bxg6 {[%emt 0:01:11]} hxg6 {[%emt 0:00:02]} 14. Na4 {[%emt 0:00:11]} Qa5 {[%emt 0:00:34]} 15. c3 {[%emt 0:00:22]} Bxe5 {[%emt 0:02:44]} 16. dxe5 {[%emt 0:00:32]} Ne4 {[%emt 0:00:05]} 17. Be7 {[%emt 0:02:14]} Rfe8 {[%emt 0:00:01]} 18. Bb4 {[%emt 0:00:15]} Qd8 {[%emt 0:00:28]} 19. c4 {[%emt 0:02:21]} Qh4 {[%emt 0:02:01]} 20. Rxe4 {[%emt 0:01:37]} dxe4 {[%emt 0:00:05]} 21. Qxd7 {[%emt 0:00:05]} Rad8 {[%emt 0:00:05]} 22. Qc7 {[%emt 0:00:05]} Qxh3 {[%emt 0:00:05]} 23. e6 {[%emt 0:00:00]} Qxg4+ {[%emt 0:00:25]} 24. Qg3 {[%emt 0:00:01]} Rd1+ {[%emt 0:00:12]} 25. Rxd1 {[%emt 0:00:18]} Qxd1+ {[%emt 0:00:05]} 26. Kg2 {[%emt 0:00:00]} Rxe6 {[%emt 0:01:41]} 27. Qb8+ {[%emt 0:00:32]} Kh7 {[%emt 0:00:05]} 28. Qh2+ {[%emt 0:00:11]} Kg8 {[%emt 0:00:20]} 29. Qb8+ {[%emt 0:00:05]} Kh7 {[%emt 0:00:03]} 30. Qh2+ {[%emt 0:00:11]} Kg8 {[%emt 0:00:05]} 31. Qb8+ {[%emt 0:00:00]} 1/2-1/2

[Event "Redbull chessmasters 2019"]
[Site "Istambul"]
[Date "2019.11.24"]
[Round "4.9"]
[White "Kilic, Ihsan"]
[Black "Ererdem, Gani Eren"]
[Result "1-0"]
[WhiteElo "1941"]
[BlackElo "2105"]
[Annotator "NA"]
[PlyCount "111"]
[EventDate "2019.11.23"]
[EventType "k.o."]
[EventCountry "TUR"]
[SourceTitle "playchess.com"]
[Source "ChessBase"]
[SourceQuality "1"]
[TimeControl "600+5"]

1. d4 {[%emt 0:00:00]} Nf6 {[%emt 0:00:00]} 2. Nf3 {[%emt 0:00:03]} e6 {[%emt 0:00:01]} 3. g3 {[%emt 0:00:12]} d5 {[%emt 0:00:05]} 4. Bg2 {[%emt 0:00:05]} Be7 {[%emt 0:00:06]} 5. b3 {[%emt 0:00:00]} O-O {[%emt 0:00:05]} 6. Bb2 {[%emt 0:00:00]} b6 {[%emt 0:00:51]} 7. O-O {[%emt 0:00:00]} Bb7 {[%emt 0:00:01]} 8. Ne5 {[%emt 0:00:04]} c5 {[%emt 0:00:20]} 9. e3 {[%emt 0:00:18]} Nc6 {[%emt 0:00:11]} 10. Nd2 {[%emt 0:00:20]} Qc7 {[%emt 0:02:51]} 11. f4 {[%emt 0:00:30]} Nd7 {[%emt 0:01:50]} 12. c4 {[%emt 0:00:45]} dxc4 {[%emt 0:00:59]} 13. Ndxc4 {[%emt 0:00:40]} Rad8 {[%emt 0:00:15]} 14. Qe2 {[%emt 0:01:24]} Ndxe5 {[%emt 0:01:32]} 15. dxe5 {[%emt 0:01:18]} b5 {[%emt 0:00:02]} 16. Nd2 {[%emt 0:01:53]} Nb4 {[%emt 0:00:01]} 17. Ne4 {[%emt 0:00:45]} Nd3 {[%emt 0:00:45]} 18. Rfd1 {[%emt 0:00:28]} Nxb2 {[%emt 0:00:20]} 19. Qxb2 {[%emt 0:00:00]} Rxd1+ {[%emt 0:00:26]} 20. Rxd1 {[%emt 0:00:03]} Rd8 {[%emt 0:00:20]} 21. Rxd8+ {[%emt 0:00:10]} Qxd8 {[%emt 0:00:01]} 22. Qc2 {[%emt 0:00:22]} Qa5 {[%emt 0:00:31]} 23. Kf2 {[%emt 0:00:22]} Qc7 {[%emt 0:00:04]} 24. h4 {[%emt 0:00:23]} h5 {[%emt 0:00:13]} 25. Bf3 {[%emt 0:00:17]} g6 {[%emt 0:00:00]} 26. Nd2 {[%emt 0:00:28]} Ba6 {[%emt 0:00:11]} 27. Be2 {[%emt 0:00:18]} Qa5 {[%emt 0:00:06]} 28. Ne4 {[%emt 0:00:09]} Qb4 {[%emt 0:00:04]} 29. Nd6 {[%emt 0:00:32]} Kg7 {[%emt 0:00:05]} 30. a4 {[%emt 0:00:12]} bxa4 {[%emt 0:00:08]} 31. Bxa6 {[%emt 0:00:05]} axb3 {[%emt 0:00:05]} 32. Qb2 {[%emt 0:00:05]} Qb6 {[%emt 0:00:05]} 33. Bc4 {[%emt 0:00:16]} Kg8 {[%emt 0:00:05]} 34. Qxb3 {[%emt 0:00:05]} Qa5 {[%emt 0:00:05]} 35. Qa2 {[%emt 0:00:10]} Qb4 {[%emt 0:00:04]} 36. Ne4 {[%emt 0:00:05]} a5 {[%emt 0:00:05]} 37. Nd2 {[%emt 0:00:03]} a4 {[%emt 0:00:09]} 38. Ne4 {[%emt 0:00:05]} Kg7 {[%emt 0:00:00]} 39. Nd6 {[%emt 0:00:04]} a3 {[%emt 0:00:04]} 40. Nb5 {[%emt 0:00:00]} f6 {[%emt 0:00:11]} 41. Nxa3 {[%emt 0:00:05]} fxe5 {[%emt 0:00:05]} 42. fxe5 {[%emt 0:00:00]} Qc3 {[%emt 0:00:01]} 43. Bxe6 {[%emt 0:00:10]} Qxe5 {[%emt 0:00:02]} 44. Bd5 {[%emt 0:00:10]} Bd6 {[%emt 0:00:02]} 45. Ke2 {[%emt 0:00:07]} Qxg3 {[%emt 0:00:05]} 46. Qc4 {[%emt 0:00:04]} Qh2+ {[%emt 0:00:11]} 47. Kd3 {[%emt 0:00:07]} Kh7 {[%emt 0:00:01]} 48. Nb5 {[%emt 0:00:01]} Be5 {[%emt 0:00:04]} 49. Be4 {[%emt 0:00:03]} Qg1 {[%emt 0:00:06]} 50. Qf7+ {[%emt 0:00:05]} Bg7 {[%emt 0:00:04]} 51. Kc4 {[%emt 0:00:14]} Qg4 {[%emt 0:00:10]} 52. Kd5 {[%emt 0:00:05]} c4 {[%emt 0:00:03]} 53. Nd4 {[%emt 0:00:06]} Qxh4 {[%emt 0:00:08]} 54. Qxg6+ {[%emt 0:00:11]} Kg8 {[%emt 0:00:01]} 55. Ne6 {[%emt 0:00:00]} Qe7 {[%emt 0:00:05]} 56. Qh7+ {[%emt 0:00:00]} 1-0

[Event "Redbull chessmasters 2019"]
[Site "Istambul"]
[Date "2019.11.24"]
[Round "4.10"]
[White "Olcum, Ahmet"]
[Black "Cil, Batuhan"]
[Result "1-0"]
[WhiteElo "2303"]
[BlackElo "1737"]
[Annotator "NA"]
[PlyCount "77"]
[EventDate "2019.11.23"]
[EventType "k.o."]
[EventCountry "TUR"]
[SourceTitle "playchess.com"]
[Source "ChessBase"]
[SourceQuality "1"]
[TimeControl "600+5"]

1. e4 {[%emt 0:00:03]} c5 {[%emt 0:00:00]} 2. d3 {[%emt 0:00:05]} e6 {[%emt 0:00:05]} 3. g3 {[%emt 0:00:00]} d5 {[%emt 0:00:07]} 4. Nd2 {[%emt 0:00:00]} Nf6 {[%emt 0:00:05]} 5. Bg2 {[%emt 0:00:05]} Nc6 {[%emt 0:00:05]} 6. Ngf3 {[%emt 0:00:00]} Be7 {[%emt 0:00:04]} 7. O-O {[%emt 0:00:00]} O-O {[%emt 0:00:05]} 8. Re1 {[%emt 0:00:00]} b6 {[%emt 0:00:05]} 9. e5 {[%emt 0:00:00]} Nd7 {[%emt 0:00:11]} 10. h4 {[%emt 0:00:02]} Bb7 {[%emt 0:00:35]} 11. Nf1 {[%emt 0:00:03]} Qc7 {[%emt 0:00:23]} 12. Bf4 {[%emt 0:00:06]} Rac8 {[%emt 0:00:44]} 13. c3 {[%emt 0:00:19]} d4 {[%emt 0:00:29]} 14. c4 {[%emt 0:00:13]} a6 {[%emt 0:00:34]} 15. N1h2 {[%emt 0:00:07]} b5 {[%emt 0:00:16]} 16. b3 {[%emt 0:00:01]} h6 {[%emt 0:04:06]} 17. Ng4 {[%emt 0:00:23]} Kh7 {[%emt 0:00:07]} 18. h5 {[%emt 0:01:32]} Qd8 {[%emt 0:00:18]} 19. Qd2 {[%emt 0:00:10]} f5 {[%emt 0:00:31]} 20. exf6 {[%emt 0:00:27]} Nxf6 {[%emt 0:00:02]} 21. Nxf6+ {[%emt 0:00:12]} Rxf6 {[%emt 0:00:13]} 22. Ne5 {[%emt 0:00:12]} Na5 {[%emt 0:01:16]} 23. Bxb7 {[%emt 0:00:43]} Nxb7 {[%emt 0:00:02]} 24. Ng4 {[%emt 0:00:01]} Bd6 {[%emt 0:01:18]} 25. Nxf6+ {[%emt 0:00:33]} Qxf6 {[%emt 0:00:05]} 26. Bxd6 {[%emt 0:00:05]} Nxd6 {[%emt 0:00:00]} 27. Qf4 {[%emt 0:00:30]} Qe7 {[%emt 0:00:23]} 28. Qg4 {[%emt 0:00:38]} Re8 {[%emt 0:00:04]} 29. Re2 {[%emt 0:00:19]} Nf5 {[%emt 0:00:06]} 30. Rae1 {[%emt 0:00:10]} Qf7 {[%emt 0:00:04]} 31. Qg6+ {[%emt 0:00:09]} Qxg6 {[%emt 0:00:02]} 32. hxg6+ {[%emt 0:00:01]} Kxg6 {[%emt 0:00:01]} 33. Rxe6+ {[%emt 0:00:01]} Rxe6 {[%emt 0:00:10]} 34. Rxe6+ {[%emt 0:00:03]} Kg5 {[%emt 0:00:10]} 35. Rxa6 {[%emt 0:00:05]} bxc4 {[%emt 0:00:05]} 36. bxc4 {[%emt 0:00:04]} Kg4 {[%emt 0:00:03]} 37. Kg2 {[%emt 0:00:05]} Kg5 {[%emt 0:00:02]} 38. a4 {[%emt 0:00:09]} h5 {[%emt 0:00:06]} 39. f4+ {[%emt 0:00:07]} 1-0

[Event "Redbull chessmasters 2019"]
[Site "Istambul"]
[Date "2019.11.24"]
[Round "4.11"]
[White "Tofan, Ismail"]
[Black "Isik, Esref"]
[Result "1-0"]
[WhiteElo "1685"]
[BlackElo "1920"]
[Annotator "NA"]
[PlyCount "117"]
[EventDate "2019.11.23"]
[EventType "k.o."]
[EventCountry "TUR"]
[SourceTitle "playchess.com"]
[Source "ChessBase"]
[SourceQuality "1"]
[TimeControl "600+5"]

1. Nf3 {[%emt 0:00:00]} c5 {[%emt 0:00:00]} 2. b3 {[%emt 0:00:01]} Nf6 {[%emt 0:00:14]} 3. e3 {[%emt 0:00:04]} e6 {[%emt 0:00:07]} 4. Be2 {[%emt 0:00:05]} d5 {[%emt 0:00:05]} 5. O-O {[%emt 0:00:00]} Be7 {[%emt 0:00:05]} 6. Bb2 {[%emt 0:00:09]} O-O {[%emt 0:00:06]} 7. d4 {[%emt 0:00:03]} b6 {[%emt 0:00:12]} 8. Nbd2 {[%emt 0:00:03]} Bb7 {[%emt 0:00:14]} 9. Ne5 {[%emt 0:00:03]} Nc6 {[%emt 0:00:20]} 10. f4 {[%emt 0:00:03]} cxd4 {[%emt 0:00:17]} 11. exd4 {[%emt 0:00:19]} Rc8 {[%emt 0:00:14]} 12. a3 {[%emt 0:00:25]} Nd7 {[%emt 0:00:39]} 13. Bd3 {[%emt 0:01:59]} Ndxe5 {[%emt 0:01:03]} 14. fxe5 {[%emt 0:00:06]} f6 {[%emt 0:00:43]} 15. Qh5 {[%emt 0:00:44]} f5 {[%emt 0:00:15]} 16. Nf3 {[%emt 0:01:39]} Qe8 {[%emt 0:01:05]} 17. Qh3 {[%emt 0:00:25]} g6 {[%emt 0:00:29]} 18. Bc1 {[%emt 0:00:06]} Qd8 {[%emt 0:00:29]} 19. Qh6 {[%emt 0:00:20]} Rc7 {[%emt 0:01:04]} 20. c4 {[%emt 0:00:33]} Na5 {[%emt 0:00:15]} 21. cxd5 {[%emt 0:01:57]} Bxd5 {[%emt 0:00:21]} 22. Ng5 {[%emt 0:00:13]} Bxg5 {[%emt 0:00:47]} 23. Bxg5 {[%emt 0:00:02]} Qd7 {[%emt 0:00:41]} 24. Rac1 {[%emt 0:00:23]} Rfc8 {[%emt 0:00:25]} 25. Rxc7 {[%emt 0:00:40]} Rxc7 {[%emt 0:00:05]} 26. h4 {[%emt 0:00:05]} Rc3 {[%emt 0:00:05]} 27. Be2 {[%emt 0:00:32]} Bxb3 {[%emt 0:00:51]} 28. h5 {[%emt 0:00:05]} Qxd4+ {[%emt 0:00:21]} 29. Kh1 {[%emt 0:00:09]} Bd5 {[%emt 0:00:25]} 30. hxg6 {[%emt 0:00:02]} Bxg2+ {[%emt 0:00:21]} 31. Kxg2 {[%emt 0:00:05]} Qe4+ {[%emt 0:00:05]} 32. Bf3 {[%emt 0:00:05]} Rc2+ {[%emt 0:00:05]} 33. Kg3 {[%emt 0:00:05]} Qxe5+ {[%emt 0:00:05]} 34. Bf4 {[%emt 0:00:05]} Qg7 {[%emt 0:00:00]} 35. Qxh7+ {[%emt 0:00:23]} Qxh7 {[%emt 0:00:00]} 36. gxh7+ {[%emt 0:00:01]} Kxh7 {[%emt 0:00:00]} 37. Rh1+ {[%emt 0:00:04]} Kg7 {[%emt 0:00:00]} 38. Be5+ {[%emt 0:00:06]} Kg6 {[%emt 0:00:00]} 39. Bh5+ {[%emt 0:00:16]} Kg5 {[%emt 0:00:00]} 40. Bf7 {[%emt 0:00:03]} f4+ {[%emt 0:00:00]} 41. Bxf4+ {[%emt 0:00:05]} Kf6 {[%emt 0:00:00]} 42. Be8 {[%emt 0:00:31]} Rc3+ {[%emt 0:00:00]} 43. Kg4 {[%emt 0:00:02]} Rxa3 {[%emt 0:00:00]} 44. Bd6 {[%emt 0:00:07]} Rd3 {[%emt 0:00:00]} 45. Rh6+ {[%emt 0:00:07]} Kg7 {[%emt 0:00:00]} 46. Rg6+ {[%emt 0:00:12]} Kh7 {[%emt 0:00:00]} 47. Be5 {[%emt 0:00:07]} Nc4 {[%emt 0:00:06]} 48. Rg7+ {[%emt 0:00:13]} Kh6 {[%emt 0:00:06]} 49. Rg6+ {[%emt 0:00:04]} Kh7 {[%emt 0:00:00]} 50. Ba1 {[%emt 0:00:07]} Ne3+ {[%emt 0:00:10]} 51. Kf4 {[%emt 0:00:03]} Nd5+ {[%emt 0:00:01]} 52. Ke4 {[%emt 0:00:03]} Ra3 {[%emt 0:00:47]} 53. Rg1 {[%emt 0:00:07]} Nf6+ {[%emt 0:00:07]} 54. Bxf6 {[%emt 0:00:03]} Rh3 {[%emt 0:00:19]} 55. Ke5 {[%emt 0:00:04]} Re3+ {[%emt 0:00:00]} 56. Kd6 {[%emt 0:00:01]} Rh3 {[%emt 0:00:05]} 57. Ke7 {[%emt 0:00:02]} a5 {[%emt 0:00:14]} 58. Bg6+ {[%emt 0:00:03]} Kh6 {[%emt 0:00:02]} 59. Kf7 {[%emt 0:00:01]} 1-0

[Event "Redbull chessmasters 2019"]
[Site "Istambul"]
[Date "2019.11.24"]
[Round "4.12"]
[White "Gur, Tuba"]
[Black "Ozdemir, Cemre"]
[Result "1-0"]
[WhiteElo "1782"]
[BlackElo "1326"]
[Annotator "NA"]
[PlyCount "50"]
[EventDate "2019.11.23"]
[EventType "k.o."]
[EventCountry "TUR"]
[SourceTitle "playchess.com"]
[Source "ChessBase"]
[SourceQuality "1"]
[TimeControl "600+5"]

1. Nf3 {[%emt 0:00:00]} Nf6 {[%emt 0:00:00]} 2. e3 {[%emt 0:00:06]} d5 {[%emt 0:00:09]} 3. d4 {[%emt 0:00:05]} c6 {[%emt 0:00:05]} 4. Bd3 {[%emt 0:00:00]} Nbd7 {[%emt 0:00:07]} 5. b3 {[%emt 0:00:04]} e6 {[%emt 0:00:04]} 6. Bb2 {[%emt 0:00:02]} Bb4+ {[%emt 0:00:09]} 7. Nbd2 {[%emt 0:00:05]} O-O {[%emt 0:00:09]} 8. O-O {[%emt 0:00:00]} Re8 {[%emt 0:00:00]} 9. a3 {[%emt 0:00:06]} Bd6 {[%emt 0:00:14]} 10. Ne5 {[%emt 0:00:01]} Qc7 {[%emt 0:00:11]} 11. f4 {[%emt 0:00:01]} b6 {[%emt 0:01:14]} 12. Rf3 {[%emt 0:00:02]} Re7 {[%emt 0:00:54]} 13. Rh3 {[%emt 0:00:23]} g6 {[%emt 0:00:53]} 14. Qe1 {[%emt 0:00:41]} Ne8 {[%emt 0:01:30]} 15. Qh4 {[%emt 0:00:17]} f6 {[%emt 0:00:07]} 16. Nxg6 {[%emt 0:00:44]} Rg7 {[%emt 0:01:35]} 17. Qh6 {[%emt 0:02:33]} f5 {[%emt 0:02:18]} 18. Ne5 {[%emt 0:00:12]} Nxe5 {[%emt 0:00:49]} 19. fxe5 {[%emt 0:00:03]} Bf8 {[%emt 0:00:10]} 20. Qf4 {[%emt 0:00:25]} c5 {[%emt 0:00:24]} 21. Nf3 {[%emt 0:00:43]} c4 {[%emt 0:00:28]} 22. bxc4 {[%emt 0:00:17]} dxc4 {[%emt 0:00:05]} 23. Be2 {[%emt 0:00:06]} b5 {[%emt 0:00:13]} 24. c3 {[%emt 0:00:23]} Bb7 {[%emt 0:00:06]} 25. Rg3 {[%emt 0:00:56]} Qe7 {[%emt 0:00:11]} 1-0

[Event "Redbull chessmasters 2019"]
[Site "Istambul"]
[Date "2019.11.24"]
[Round "4.13"]
[White "Ozenir, Ekin Baris"]
[Black "Tasdogen, Dincer"]
[Result "1/2-1/2"]
[WhiteElo "2274"]
[BlackElo "2301"]
[Annotator "NA"]
[PlyCount "66"]
[EventDate "2019.11.23"]
[EventType "k.o."]
[EventCountry "TUR"]
[SourceTitle "playchess.com"]
[Source "ChessBase"]
[SourceQuality "1"]
[TimeControl "600+5"]

1. d4 {[%emt 0:00:00]} g6 {[%emt 0:00:00]} 2. e4 {[%emt 0:00:01]} Bg7 {[%emt 0:00:03]} 3. Nf3 {[%emt 0:00:05]} c6 {[%emt 0:00:00]} 4. c4 {[%emt 0:00:17]} d6 {[%emt 0:00:09]} 5. Nc3 {[%emt 0:00:05]} Nf6 {[%emt 0:00:05]} 6. Be2 {[%emt 0:00:02]} O-O {[%emt 0:00:00]} 7. h3 {[%emt 0:00:13]} Nbd7 {[%emt 0:00:24]} 8. Bg5 {[%emt 0:00:04]} e5 {[%emt 0:00:04]} 9. d5 {[%emt 0:00:01]} c5 {[%emt 0:01:32]} 10. a3 {[%emt 0:00:14]} h6 {[%emt 0:00:18]} 11. Be3 {[%emt 0:00:01]} Nh5 {[%emt 0:00:11]} 12. Nd2 {[%emt 0:00:22]} Nf4 {[%emt 0:00:43]} 13. Bf1 {[%emt 0:00:02]} g5 {[%emt 0:01:56]} 14. g3 {[%emt 0:00:05]} Ng6 {[%emt 0:00:04]} 15. Be2 {[%emt 0:00:07]} Nf4 {[%emt 0:00:21]} 16. Bf1 {[%emt 0:00:14]} f5 {[%emt 0:00:15]} 17. exf5 {[%emt 0:00:09]} Rxf5 {[%emt 0:00:27]} 18. Nde4 {[%emt 0:00:08]} Nf6 {[%emt 0:00:32]} 19. Nxf6+ {[%emt 0:00:26]} Rxf6 {[%emt 0:00:13]} 20. gxf4 {[%emt 0:00:01]} exf4 {[%emt 0:00:05]} 21. Bd2 {[%emt 0:00:05]} Bf5 {[%emt 0:00:57]} 22. Qf3 {[%emt 0:00:29]} Qb6 {[%emt 0:00:04]} 23. O-O-O {[%emt 0:00:19]} Qb3 {[%emt 0:00:33]} 24. Bd3 {[%emt 0:00:07]} b5 {[%emt 0:00:01]} 25. cxb5 {[%emt 0:00:35]} Rb8 {[%emt 0:00:01]} 26. Bxf5 {[%emt 0:00:22]} Rxb5 {[%emt 0:00:03]} 27. Rde1 {[%emt 0:00:46]} Qxb2+ {[%emt 0:01:11]} 28. Kd1 {[%emt 0:00:05]} Rxf5 {[%emt 0:00:00]} 29. Re8+ {[%emt 0:00:51]} Bf8 {[%emt 0:00:43]} 30. Rhe1 {[%emt 0:00:23]} Qb3+ {[%emt 0:00:08]} 31. Ke2 {[%emt 0:00:25]} Qc4+ {[%emt 0:00:01]} 32. Kd1 {[%emt 0:00:38]} Qb3+ {[%emt 0:00:01]} 33. Ke2 {[%emt 0:00:05]} Qc4+ {[%emt 0:00:01]} 1/2-1/2

[Event "Redbull chessmasters 2019"]
[Site "Istambul"]
[Date "2019.11.24"]
[Round "4.14"]
[White "Burcu, Cagatay"]
[Black "Alak, Agdar"]
[Result "1-0"]
[WhiteElo "2331"]
[BlackElo "1482"]
[Annotator "NA"]
[PlyCount "129"]
[EventDate "2019.11.23"]
[EventType "k.o."]
[EventCountry "TUR"]
[SourceTitle "playchess.com"]
[Source "ChessBase"]
[SourceQuality "1"]
[TimeControl "600+5"]

1. d4 {[%emt 0:00:00]} Nf6 {[%emt 0:00:00]} 2. Bf4 {[%emt 0:00:03]} d5 {[%emt 0:00:13]} 3. Nf3 {[%emt 0:00:00]} Bf5 {[%emt 0:00:05]} 4. c4 {[%emt 0:00:04]} c6 {[%emt 0:00:05]} 5. Nc3 {[%emt 0:00:05]} e6 {[%emt 0:00:00]} 6. Qb3 {[%emt 0:00:07]} Qb6 {[%emt 0:00:02]} 7. c5 {[%emt 0:00:00]} Qxb3 {[%emt 0:00:09]} 8. axb3 {[%emt 0:00:01]} Nbd7 {[%emt 0:00:06]} 9. b4 {[%emt 0:00:01]} Be7 {[%emt 0:00:09]} 10. b5 {[%emt 0:00:06]} O-O {[%emt 0:00:05]} 11. bxc6 {[%emt 0:00:11]} bxc6 {[%emt 0:00:05]} 12. h3 {[%emt 0:00:05]} a6 {[%emt 0:00:13]} 13. e3 {[%emt 0:00:05]} a5 {[%emt 0:00:06]} 14. Be2 {[%emt 0:00:03]} Ne4 {[%emt 0:00:02]} 15. Nxe4 {[%emt 0:00:09]} Bxe4 {[%emt 0:00:04]} 16. Nd2 {[%emt 0:00:52]} Bxg2 {[%emt 0:00:27]} 17. Rh2 {[%emt 0:00:05]} Be4 {[%emt 0:00:13]} 18. Nxe4 {[%emt 0:00:02]} dxe4 {[%emt 0:00:00]} 19. Bc7 {[%emt 0:00:53]} Bd8 {[%emt 0:00:10]} 20. Bd6 {[%emt 0:00:03]} Re8 {[%emt 0:00:05]} 21. f3 {[%emt 0:00:05]} Bh4+ {[%emt 0:00:05]} 22. Kd2 {[%emt 0:00:05]} Nf6 {[%emt 0:00:07]} 23. f4 {[%emt 0:00:41]} Nd5 {[%emt 0:00:07]} 24. Rg2 {[%emt 0:00:10]} Be7 {[%emt 0:00:09]} 25. Bxe7 {[%emt 0:00:06]} Nxe7 {[%emt 0:00:18]} 26. Ra2 {[%emt 0:00:08]} Reb8 {[%emt 0:00:09]} 27. Rg1 {[%emt 0:00:05]} Rb7 {[%emt 0:00:14]} 28. Rga1 {[%emt 0:00:14]} Rba7 {[%emt 0:00:03]} 29. Ra4 {[%emt 0:00:15]} Nd5 {[%emt 0:00:04]} 30. Bc4 {[%emt 0:00:16]} Nb4 {[%emt 0:00:30]} 31. Rf1 {[%emt 0:00:06]} g6 {[%emt 0:00:12]} 32. Rfa1 {[%emt 0:00:16]} Kf8 {[%emt 0:00:05]} 33. Bb3 {[%emt 0:00:09]} Ke7 {[%emt 0:00:04]} 34. Bc2 {[%emt 0:00:05]} f5 {[%emt 0:00:05]} 35. Bb3 {[%emt 0:00:00]} Kf6 {[%emt 0:00:06]} 36. Bc4 {[%emt 0:00:02]} h6 {[%emt 0:00:47]} 37. h4 {[%emt 0:00:03]} Kf7 {[%emt 0:00:24]} 38. Kc3 {[%emt 0:00:07]} Nd5+ {[%emt 0:00:12]} 39. Bxd5 {[%emt 0:00:06]} exd5 {[%emt 0:00:05]} 40. Kc2 {[%emt 0:00:03]} Ke6 {[%emt 0:00:41]} 41. b4 {[%emt 0:00:08]} Kd7 {[%emt 0:00:14]} 42. bxa5 {[%emt 0:00:25]} Ra6 {[%emt 0:00:43]} 43. Kc3 {[%emt 0:00:50]} Rg8 {[%emt 0:00:15]} 44. Rb4 {[%emt 0:00:23]} Kc7 {[%emt 0:00:33]} 45. Rb6 {[%emt 0:01:25]} Ra7 {[%emt 0:01:11]} 46. a6 {[%emt 0:00:07]} g5 {[%emt 0:00:14]} 47. hxg5 {[%emt 0:01:13]} hxg5 {[%emt 0:00:05]} 48. Rh1 {[%emt 0:00:05]} Rg7 {[%emt 0:00:05]} 49. fxg5 {[%emt 0:00:00]} Kd7 {[%emt 0:01:59]} 50. g6 {[%emt 0:00:51]} f4 {[%emt 0:00:30]} 51. exf4 {[%emt 0:00:26]} Ke6 {[%emt 0:00:05]} 52. Rh5 {[%emt 0:00:21]} Rac7 {[%emt 0:00:39]} 53. Re5+ {[%emt 0:00:50]} Kf6 {[%emt 0:00:16]} 54. Rxd5 {[%emt 0:00:03]} Rxg6 {[%emt 0:00:33]} 55. Rd6+ {[%emt 0:00:04]} Kf5 {[%emt 0:00:06]} 56. Rxg6 {[%emt 0:00:05]} Kxg6 {[%emt 0:00:00]} 57. d5 {[%emt 0:00:29]} Kf5 {[%emt 0:00:00]} 58. d6 {[%emt 0:00:00]} Rd7 {[%emt 0:00:07]} 59. Rb7 {[%emt 0:00:03]} Rd8 {[%emt 0:00:02]} 60. a7 {[%emt 0:00:01]} Ra8 {[%emt 0:00:02]} 61. d7 {[%emt 0:00:01]} e3 {[%emt 0:00:13]} 62. Rb8 {[%emt 0:00:12]} e2 {[%emt 0:00:07]} 63. Kd2 {[%emt 0:00:01]} Rxa7 {[%emt 0:00:06]} 64. d8=Q {[%emt 0:00:07]} Ra2+ {[%emt 0:00:05]} 65. Ke1 {[%emt 0:00:00]} 1-0